Understanding yoruba life and culture (Record no. 67183)
[ view plain ]
| 000 -LEADER | |
|---|---|
| fixed length control field | 00509nam a2200193Ia 4500 |
| 003 - CONTROL NUMBER IDENTIFIER | |
| control field | 0100 |
| 005 - DATE AND TIME OF LATEST TRANSACTION | |
| control field | 20170612092359.0 |
| 008 - FIXED-LENGTH DATA ELEMENTS--GENERAL INFORMATION | |
| fixed length control field | 130303s9999 xx 000 0 und d |
| 040 ## - CATALOGING SOURCE | |
| Transcribing agency | ARRUPELIB |
| 050 ## - LIBRARY OF CONGRESS CALL NUMBER | |
| Classification number | DT515.45.Y67U63 2004 |
| 300 ## - PHYSICAL DESCRIPTION | |
| Other physical details | 705p. 25cm. |
| 245 ## - TITLE STATEMENT | |
| Title | Understanding yoruba life and culture |
| 260 ## - PUBLICATION, DISTRIBUTION, ETC. (IMPRINT) | |
| Name of publisher, distributor, etc | African World Press |
| Place of publication, distribution, etc | Trenton, N.J. |
| Date of publication, distribution, etc | 2004 |
| 300 ## - PHYSICAL DESCRIPTION | |
| Extent | xvi |
| 650 ## - SUBJECT ADDED ENTRY--TOPICAL TERM | |
| Topical term or geographic name as entry element | Yoruba (African people) |
| General subdivision | History |
| 9 (RLIN) | 17650 |
| 650 ## - SUBJECT ADDED ENTRY--TOPICAL TERM | |
| Topical term or geographic name as entry element | Yoruba language |
| General subdivision | Philosophy |
| -- | Yoruba |
| 9 (RLIN) | 32460 |
| 650 ## - SUBJECT ADDED ENTRY--TOPICAL TERM | |
| Topical term or geographic name as entry element | Yoruba (African people) |
| General subdivision | Social life and customs |
| 9 (RLIN) | 18666 |
| 700 ## - ADDED ENTRY--PERSONAL NAME | |
| Personal name | Lawal Nike S. ; Sadiku, Matthew N. O. ; Dopamu, Ade eds. |
| 9 (RLIN) | 32461 |
| 942 ## - ADDED ENTRY ELEMENTS (KOHA) | |
| Source of classification or shelving scheme | Library of Congress Classification |
| Koha item type | Monograph ( Printed materials) |
| Withdrawn status | Lost status | Source of classification or shelving scheme | Damaged status | Not for loan | Collection code | Home library | Current library | Shelving location | Date acquired | Total Checkouts | Full call number | Barcode | Date last seen | Date checked out | Copy number | Price effective from | Koha item type |
|---|---|---|---|---|---|---|---|---|---|---|---|---|---|---|---|---|---|
| Library of Congress Classification | Main Collection | ARRUPE LIBRARY | ARRUPE LIBRARY | 05/03/2013 | 5 | DT515.45.Y67U63 2004 | 46004003588 | 30/11/2018 | 14/11/2018 | 1 | 05/03/2013 | Monograph ( Printed materials) |